| 000 -CABECERA |
| Longitud fija campo de control |
00562nam a22001937a 4500 |
| 003 - IDENTIFICADOR DEL NÚMERO DE CONTROL |
| Identificador del número de control |
OSt |
| 005 - FECHA Y HORA DE LA ÚLTIMA TRANSACCIÓN |
| Fecha y hora de la última transacción |
20131128154206.0 |
| 008 - CÓDIGOS DE INFORMACIÓN DE LONGITUD FIJA |
| Códigos de información de longitud fija |
130409s2013 sp ||||| |||| 00| 0 spa d |
| 020 ## - NÚMERO INTERNACIONAL NORMALIZADO PARA LIBROS |
| Número Internacional Normalizado para Libros (ISBN) |
9788430602094 |
| 040 ## - FUENTE DE LA CATALOGACIÓN |
| Centro transcriptor |
CDMR |
| 100 1# - PUNTO DE ACCESO PRINCIPAL-NOMBRE DE PERSONA |
| 9 (RLIN) |
164 |
| Nombre de persona |
Bassets, Lluís |
| 245 13 - MENCIÓN DE TÍTULO |
| Título |
El último que apague la luz |
| Resto del título |
: sobre la extinción del periodismo |
| Mención de responsabilidad, etc. |
Lluís Bassets |
| 260 ## - PUBLICACIÓN, DISTRIBUCIÓN, ETC. (PIE DE IMPRENTA) |
| Lugar de publicación, distribución, etc. |
Tres Cantos, Madrid |
| Nombre del editor, distribuidor, etc. |
Taurus |
| Fecha de publicación, distribución, etc. |
DL 2013 |
| 300 ## - DESCRIPCIÓN FÍSICA |
| Extensión |
215 p. |
| 490 0# - MENCIÓN DE SERIE |
| Mención de serie |
Taurus Pensamiento |
| 650 04 - PUNTO DE ACCESO ADICIONAL DE MATERIA - TÉRMINO DE MATERIA |
| 9 (RLIN) |
2030 |
| Término de materia o nombre geográfico como elemento inicial |
Periodisme |
| Subdivisión de materia general |
Orientació professional |
| 650 04 - PUNTO DE ACCESO ADICIONAL DE MATERIA - TÉRMINO DE MATERIA |
| 9 (RLIN) |
1545 |
| Término de materia o nombre geográfico como elemento inicial |
Premsa |
| 942 ## - ENTRADA DE ELEMENTOS AGREGADOS (KOHA) |
| Fuente de clasificaión o esquema |
|
| Koha [por defecto] tipo de item |
Monografies |